Kvalita vody. STN 75 7367. EN ISO 8467 : Stanovenie chemickej spotreby kyslíka manganistanom. Október 2000

Uložené v:
Podrobná bibliografia
Médium: Kniha
Jazyk:Slovak
Vydavateľské údaje: Bratislava : Slovenský ústav technickej normalizácie, 2000
Predmet:
Tagy: Pridať tag
Žiadne tagy, Buďte prvý, kto otaguje tento záznam!

MARC

LEADER 00000nam a22000003a 4500
001 stu194860
005 20150408163735.4
008 091029s2000----xo------------------slo-d
040 |a STU  |b slo 
041 0 |a slo 
044 |a xo 
245 |a Kvalita vody. STN 75 7367. EN ISO 8467 :  |b Stanovenie chemickej spotreby kyslíka manganistanom. Október 2000 
260 |a Bratislava :  |b Slovenský ústav technickej normalizácie,  |c 2000 
300 |a 12 s 
500 |a Táto norma ruší č. A, články 1-8 STN 83 0530-29 a nahrádza STN 83 0520-14 
650 7 |a kvalita vody  |2 stusub 
996 |b 284M071413  |c M*N-1342  |l MMKN  |s A  |a 24  |w stu194860_0001